000 00320nam a22001457a 4500
003 OSt
008 220611b ||||| |||| 00| 0 eng d
082 _a005.7 KAB
100 _aTHANGARAJ, M
245 _aBig Data Analytics
260 _aNew Delhi
_bPHI
_c2024
300 _a400
650 _aCSE AIML
942 _2ddc
_cBK
999 _c11324
_d11324